000 00416nam a2200121 4500
999 _c9786
_d9786
008 180717b ||||| |||| 00| 0 eng d
100 _928993
_aPoggi, Ryan
245 _aSMEs take centerstage in digital economy:
_bTransforming the global economic growth engine.
_cRyan Poggi
260 _aPhilippines
_bThe Philippine Star
_cc2017
300 _apage C4.
650 0 _928994
_aTechnological innovations.
942 _2ddc
_cPER